|
|
|
|
| LEADER |
00000naa2a2200000 4500 |
| 001 |
182275 |
| 005 |
20231228093507.0 |
| 035 |
|
|
|a (RuTPU)RU\TPU\book\197610
|
| 090 |
|
|
|a 182275
|
| 100 |
|
|
|a 20100618d2009 k y0rusy50 ca
|
| 101 |
0 |
|
|a rus
|
| 102 |
|
|
|a RU
|
| 200 |
1 |
|
|a Влияние минеральных наполнителей на поризационную способность жидкого стекла
|f О. Г. Семенкова, В. А. Кутугин
|g науч. рук. В. А. Лотов
|
| 463 |
|
0 |
|0 (RuTPU)RU\TPU\book\186895
|y 978-5-98298-569-9
|t Проблемы геологии и освоения недр
|o труды XIII Международного симпозиума имени академика М. А. Усова студентов и молодых ученых, посвященного 110-летию со дня рождения К. В. Радугина
|f Томский политехнический университет (ТПУ), Институт геологии и нефтегазового дела (ИГНД)
|v С. 865-867
|d 2009
|p 993 с.
|
| 610 |
1 |
|
|a жидкое стекло
|
| 610 |
1 |
|
|a наполнители
|
| 610 |
1 |
|
|a строительные материалы
|
| 610 |
1 |
|
|a пористость
|
| 610 |
1 |
|
|a труды учёных ТПУ
|
| 700 |
|
1 |
|a Семенкова
|b О. Г.
|
| 701 |
|
1 |
|a Кутугин
|b В. А.
|c химик-технолог
|c доцент Томского политехнического университета, кандидат технических наук
|f 1983-
|g Виктор Александрович
|3 (RuTPU)RU\TPU\pers\28913
|9 13646
|
| 702 |
|
1 |
|a Лотов
|b В. А.
|4 727
|
| 801 |
|
1 |
|a RU
|b 63413507
|c 20100618
|
| 801 |
|
2 |
|a RU
|b 63413507
|c 20160425
|g RCR
|
| 942 |
|
|
|c BK
|